Engineering vibration / (Record no. 28943)
[ view plain ]
| 000 -LEADER | |
|---|---|
| fixed length control field | 01019cam a22003135i 4500 |
| 001 - CONTROL NUMBER | |
| control field | 14790947 |
| 003 - CONTROL NUMBER IDENTIFIER | |
| control field | EG-ScBUE |
| 005 - DATE AND TIME OF LATEST TRANSACTION | |
| control field | 20201018092645.0 |
| 008 - FIXED-LENGTH DATA ELEMENTS--GENERAL INFORMATION | |
| fixed length control field | 070330t20082008njua f b 001 0 eng d |
| 020 ## - INTERNATIONAL STANDARD BOOK NUMBER | |
| International Standard Book Number | 0132281732 |
| 020 ## - INTERNATIONAL STANDARD BOOK NUMBER | |
| International Standard Book Number | 9780132281737 |
| 035 ## - SYSTEM CONTROL NUMBER | |
| System control number | (OCoLC)122338106 |
| Canceled/invalid control number | (OCoLC)150347212 |
| 035 ## - SYSTEM CONTROL NUMBER | |
| System control number | (OCoLC)ocn122338106 |
| 040 ## - CATALOGING SOURCE | |
| Original cataloging agency | DLC |
| Language of cataloging | eng |
| Description conventions | rda |
| Transcribing agency | DLC |
| Modifying agency | BAKER |
| -- | C#P |
| -- | YDXCP |
| -- | BTCTA |
| -- | DLC |
| -- | EG-ScBUE |
| 082 04 - DEWEY DECIMAL CLASSIFICATION NUMBER | |
| Classification number | 620.3 |
| Item number | INM |
| Edition number | 22 |
| 100 1# - MAIN ENTRY--PERSONAL NAME | |
| Personal name | Inman, D. J., |
| Relator term | author. |
| 245 10 - TITLE STATEMENT | |
| Title | Engineering vibration / |
| Statement of responsibility, etc | Daniel J. Inman, Virginia Tech. |
| 250 ## - EDITION STATEMENT | |
| Edition statement | Third edition. |
| 264 #1 - PUBLICATION, DISTRIBUTION, ETC. (IMPRINT) | |
| Place of publication, distribution, etc | Upper Saddle River, New Jersey : |
| Name of publisher, distributor, etc | Pearson Education / Prentice Hall, |
| Date of publication, distribution, etc | [2008] |
| 264 #4 - PUBLICATION, DISTRIBUTION, ETC. (IMPRINT) | |
| Date of publication, distribution, etc | c2008 |
| 300 ## - PHYSICAL DESCRIPTION | |
| Extent | xiv, 669 pages : |
| Other physical details | illustrations ; |
| Dimensions | 25 cm |
| 336 ## - CONTENT TYPE | |
| Content type term | text |
| Content type code | txt |
| Source | rdacontent |
| 337 ## - MEDIA TYPE | |
| Media type term | unmediated |
| Media type code | n |
| Source | rdamedia |
| 338 ## - CARRIER TYPE | |
| Carrier type term | volume |
| Carrier type code | nc |
| Source | rdacarrier |
| 504 ## - BIBLIOGRAPHY, ETC. NOTE | |
| Bibliography, etc | Includes bibliographical references and index. |
| 650 #7 - SUBJECT ADDED ENTRY--TOPICAL TERM | |
| Topical term or geographic name as entry element | Vibration. |
| Source of heading or term | BUEsh |
| 653 ## - INDEX TERM--UNCONTROLLED | |
| Resource For college | Engineering, General |
| Arrived date list | October2020 |
| 942 ## - ADDED ENTRY ELEMENTS (KOHA) | |
| Source of classification or shelving scheme | Dewey Decimal Classification |
| Koha item type | Book - Borrowing |
| Withdrawn status | Lost status | Source of classification or shelving scheme | Damaged status | Not for loan | Home library | Current library | Shelving location | Date acquired | Source of acquisition | Total Checkouts | Total Renewals | Full call number | Barcode | Date last seen | Date checked out | Price effective from | Koha item type | Collection code |
|---|---|---|---|---|---|---|---|---|---|---|---|---|---|---|---|---|---|---|
| Dewey Decimal Classification | Central Library | Central Library | First floor | 19/10/2008 | Purchase | 5 | 8 | 620.3 INM | 000014098 | 15/07/2025 | 03/11/2012 | 19/10/2008 | Book - Borrowing | |||||
| Dewey Decimal Classification | Central Library | Central Library | First floor | 20/10/2008 | Purchase | 3 | 43 | 620.3 INM | 000014099 | 15/07/2025 | 30/09/2014 | 20/10/2008 | Book - Borrowing | |||||
| Dewey Decimal Classification | Central Library | Central Library | First floor | 20/10/2008 | Purchase | 1 | 620.3 INM | 000014113 | 15/07/2025 | 03/10/2010 | 20/10/2008 | NB - Book (Non borrowing) | ||||||
| Dewey Decimal Classification | Central Library | Central Library | First floor | 18/10/2020 | Purchase | 620.3 INM | 000049906 | 15/07/2025 | 18/10/2020 | Book - Borrowing | unknown |